| 000 | 00355nam a2200145Ia 4500 | ||
|---|---|---|---|
| 008 | 230917s9999||||xx |||||||||||||| ||und|| | ||
| 040 |
_e187082 _aMAIN |
||
| 041 | _aEnglish | ||
| 082 | _a153.15 P959P | ||
| 100 | _aShanks, David | ||
| 245 | 0 | _aPsychology of learning. 5V. | |
| 260 |
_aLondon _bSage Publications _c2009 |
||
| 300 | _av. p. | ||
| 942 | _cBK | ||
| 999 |
_c162199 _d162199 |
||